01282cac a22003131u 4500003000900000005001700009008004100026020001500067040004300082082001700125245020000142264005500342264001000397300005000407336002600457337002800483338002700511504005100538650004200589650003900631650003500670651001000705653001100715655002400726700004000750942002100790999001500811952014200826EG-ScBUE20220830103436.0100412t1984 nyua f b 001 0 eng d a0442210752 aEG-ScBUEbengerdacEG-ScBUEdEG-ScBUE04a712222bYEA04aThe yearbook of landscape architecture :bprivate spaces in the landscape /cedited by Richard L. Austin, ASLA, associate professor / University of Nebraska, coordinating editor [and four others] 1aNew York :bVan Nostrand Reinhold Company,c[1984] 4cc1984 axi, 120 pages :billustrations, maps ;c29 cm 2rdacontentatextbtxt 2rdamediaaunmediatedbn 2rdacarrieravolumebnc aIncludes bibliographical references and index. 7aLandscape architecture.9134342BUEsh 7aSpace (Architecture)9134352BUEsh 7aGardensxDesign.9134362BUEsh 2BUEsh bENGARC vReading book9342321 aAustin, Richard L.,eeditor.913437 cBBk712 YEA2ddc c4507d4507 00102ddc40708BaccahaMAINbMAINc2NDd2009-09-07ePurchasel2m1o712 YEAp000005317r2022-08-24 00:00:00s2012-09-27w2007-09-09yBB